| 000 -LEADER |
| fixed length control field |
01727 a2200253 4500 |
| 003 - CONTROL NUMBER IDENTIFIER |
| control field |
Nust |
| 005 - DATE AND TIME OF LATEST TRANSACTION |
| control field |
20170207154048.0 |
| 010 ## - LIBRARY OF CONGRESS CONTROL NUMBER |
| LC control number |
2007051635 |
| 020 ## - INTERNATIONAL STANDARD BOOK NUMBER |
| International Standard Book Number |
9780470279496 (cloth) |
| 040 ## - CATALOGING SOURCE |
| Transcribing agency |
Nust |
| 082 00 - DEWEY DECIMAL CLASSIFICATION NUMBER |
| Classification number |
658.314 |
| 100 1# - MAIN ENTRY--PERSONAL NAME |
| Personal name |
Gordon, Jon, |
| 245 14 - TITLE STATEMENT |
| Title |
The no complaining rule :positive ways to deal with negativity at work -(E-BOOK) |
| Statement of responsibility, etc. |
Jon Gordon. |
| 260 ## - PUBLICATION, DISTRIBUTION, ETC. |
| Place of publication, distribution, etc. |
Hoboken, N.J. : |
| Name of publisher, distributor, etc. |
J. Wiley & Sons, |
| Date of publication, distribution, etc. |
c2008. |
| 300 ## - PHYSICAL DESCRIPTION |
| Extent |
xviii, 155 p. ; |
| Dimensions |
22 cm. |
| 505 ## - FORMATTED CONTENTS NOTE |
| Formatted contents note |
Hope (Page-1), On Fire (Page-3), Morale (Page-7), The Phone Call (Page-11), The Real Problem (Page-15), Traffic (Page-17), The Talk (Page-23), The Cost of Negativity(Page-27), It Could BeWorse (Page-31), Cancer (Page-35),The Positive Road (Page-41), The Complaining Fast (Page-45), Three No Complaining Tools (Page-49), No News Is Good News (Page-51), Fundamentals of Prosperity (Page-53),The Bloggers (Page-59), The Yard Guy (Page-63), Friday (Page-67) The Meeting (Page-73), Positive Principles (Page-75), Questions (Page-83), More Traffic (Page-87),Sunday (Page-89),Monday (Page-93), Hope Shares the No Complaining Rule (Page-95), The Rollout (Page-101), Play to Win (Page-105), Hope Receives the News(Page-107), Six Months Later (Page-111), It’s All Good (Page-115), No Complaining Rule Action Plan(Page-121). |
| 650 #0 - SUBJECT ADDED ENTRY--TOPICAL TERM |
| Topical term or geographic name entry element |
Employee morale. |
| 650 #0 - SUBJECT ADDED ENTRY--TOPICAL TERM |
| Topical term or geographic name entry element |
Employees |
| General subdivision |
Attitudes. |
| 650 #0 - SUBJECT ADDED ENTRY--TOPICAL TERM |
| Topical term or geographic name entry element |
Negativism. |
| 651 ## - SUBJECT ADDED ENTRY--GEOGRAPHIC NAME |
| Geographic name |
E-BOOK |
| 856 42 - ELECTRONIC LOCATION AND ACCESS |
| Materials specified |
Contributor biographical information |
| Uniform Resource Identifier |
<a href="http://www.loc.gov/catdir/enhancements/fy0833/2007051635-b.html">http://www.loc.gov/catdir/enhancements/fy0833/2007051635-b.html</a> |
| 856 42 - ELECTRONIC LOCATION AND ACCESS |
| Materials specified |
Publisher description |
| Uniform Resource Identifier |
<a href="http://www.loc.gov/catdir/enhancements/fy0806/2007051635-d.html">http://www.loc.gov/catdir/enhancements/fy0806/2007051635-d.html</a> |
| 856 42 - ELECTRONIC LOCATION AND ACCESS |
| Materials specified |
Table of contents only |
| Uniform Resource Identifier |
<a href="http://www.loc.gov/catdir/enhancements/fy0808/2007051635-t.html">http://www.loc.gov/catdir/enhancements/fy0808/2007051635-t.html</a> |
| 942 ## - ADDED ENTRY ELEMENTS (KOHA) |
| Source of classification or shelving scheme |
|
| Koha item type |
Book |